000
00268nam a22001097a 4500
008
240715b |||||||| |||| 00| 0 eng d
100
_a
Sharma, Devdutt
_9
17065
245
_a
Bhakta Kabir
260
_a
Ajmer:
_c
1965.
_b
Sunder Sahitya Pub;
300
_a
180p.
942
_c
BK
999
_c
40395
_d
40395